000 00910cam a2200205 i 4500
005 20251228090947.0
008 250721s2001 jo gr 000 0 ara d
082 1 4 _a218.61
_bك و ا
100 1 _aالكواري، كاملة
_eمؤلف.
245 1 0 _aقدم العالم و تسلسل الحوادث بين شيخ الإسلام إبن تيميه :
_cبين شيخ الإسلام ابن تيمية والفلاسفة مع بيان من أخطاء في المسالمة من السابقين والمعاصرين /
_bتاليف كاملة الكواري.
250 _aالطبعة الاولى.
264 3 1 _aعمان :
_bدار أسامة،
_c2001.
300 _a280صفحة.
650 1 7 _aدفع المطاعن عن الإسلام.
650 1 7 _aعلماء المسلمين.
650 1 7 _aالمناظرات.
650 1 7 _aرد الشبهات.
942 _2ddc
_cBK
999 _c16965
_d16965